| 000 | 004980000a22001450004500 | ||
|---|---|---|---|
| 003 | MACL | ||
| 005 | 20180224161243.0 | ||
| 008 | 180224b xxu||||| |||| 00| 0 eng d | ||
| 040 | _cmacl | ||
| 100 |
_a उपाध्याय, भगवत शरण _953067 |
||
| 245 | _aभारतीय मूर्तिकला की कहानी | ||
| 260 |
_b राजपाल एंड संस _c1973 |
||
| 650 |
_a चिल्ड्रन बुक, _9159 |
||
| 942 |
_cHIN _k741.642 _2ddc |
||
| 999 |
_c22642 _d22642 |
||